Design, construction, and maintenance (Record no. 529651)

000 -LEADER
fixed length control field 00957pam a2200289 a 4500
001 - CONTROL NUMBER
control field 1108714
003 - CONTROL NUMBER IDENTIFIER
control field NUST
005 - DATE AND TIME OF LATEST TRANSACTION
control field 20191001102403.0
008 - FIXED-LENGTH DATA ELEMENTS--GENERAL INFORMATION
fixed length control field 931105s1993 nyua b 001 0 eng
010 ## - LIBRARY OF CONGRESS CONTROL NUMBER
LC control number 93043315
038 ## - RECORD CONTENT LICENSOR
Staff Name MSOHAIL
040 ## - CATALOGING SOURCE
Original cataloging agency DLC
Transcribing agency DLC
Modifying agency DLC
050 00 - LIBRARY OF CONGRESS CALL NUMBER
Classification number TC973
Item number .D47 1993
082 00 - DEWEY DECIMAL CLASSIFICATION NUMBER
Classification number 0
Edition number 20
100 ## - MAIN ENTRY--PERSONAL NAME
Personal name TRB
9 (RLIN) 19556
245 00 - TITLE STATEMENT
Title Design, construction, and maintenance
260 ## - PUBLICATION, DISTRIBUTION, ETC.
Place of publication, distribution, etc. New York, N.Y. :
Name of publisher, distributor, etc. TRB
Date of publication, distribution, etc. c1993.
300 ## - PHYSICAL DESCRIPTION
Extent v, 50 p. :
Other physical details ill. ;
Dimensions 28 cm.
440 #0 - SERIES STATEMENT/ADDED ENTRY--TITLE
Volume/sequential designation no. 3
9 (RLIN) 22072
650 #0 - SUBJECT ADDED ENTRY--TOPICAL TERM
Topical term or geographic name entry element Relief wells
General subdivision Design and construction.
9 (RLIN) 22073
650 #0 - SUBJECT ADDED ENTRY--TOPICAL TERM
Topical term or geographic name entry element Relief wells
General subdivision Maintenance and repair.
9 (RLIN) 22074
710 2# - ADDED ENTRY--CORPORATE NAME
Corporate name or jurisdiction name as entry element American Society of Civil Engineers.
9 (RLIN) 702
710 1# - ADDED ENTRY--CORPORATE NAME
Corporate name or jurisdiction name as entry element United States.
Subordinate unit Army.
-- Corps of Engineers.
9 (RLIN) 22075
906 ## - LOCAL DATA ELEMENT F, LDF (RLIN)
a 7
b cbc
c orignew
d 1
e ocip
f 19
g y-gencatlg
942 ## - ADDED ENTRY ELEMENTS (KOHA)
Source of classification or shelving scheme
Koha item type Book
Holdings
Withdrawn status Lost status Source of classification or shelving scheme Damaged status Not for loan Permanent Location Current Location Date acquired Total Checkouts Barcode Date last seen Price effective from Koha item type
          School of Civil and Environmental Engineering (SCEE) School of Civil and Environmental Engineering (SCEE) 10/01/2019   NIT-11024 10/01/2019 10/01/2019 Book
© 2023 Central Library, National University of Sciences and Technology. All Rights Reserved.